History Quiz

Random History or Famous Quiz

Who Am I? Famous People IV Quiz Stats

 Plays Quiz Updated May 9, 2019

Score 0/18 Timer 05:00
562 Plays Today
% Correct
Margaret Thatcher
British Prime Minister
94.2%
Napoleon Bonaparte
French Emperor
93.8%
George Washington
1st US President
93.1%
Florence Nightingale
Nursing Founder
91.7%
Charlie Chaplin
Silent Film Star
89.6%
John Adams
2nd US President
86.9%
Mark Twain
'Tom Sawyer'
86.6%
Salvador Dalí
Melting Watch Painter
84.9%
Joan Rivers
Late Night Talk Show
83.2%
% Correct
Andy Warhol
Soup Cans Painter
82.8%
Theda Bara
Silent Film Star
82.4%
Sandra Day O'Connor
Supreme Court Justice
82.3%
Rudolph Valentino
Silent Film Star
80.1%
Carol Burnett
Variety Show Comedian
77.8%
F. Scott Fitzgerald
'The Great Gatsby'
77.2%
Gloria Steinem
Journalist
75.9%
Truman Capote
'Breakfast At Tiffany's'
71.7%
Phyllis Diller
Cackling Comedian
68.5%

You're not logged in!

Compare scores with friends on all Sporcle quizzes.
OR
Log In

Sporcle TV

Today on Sporcle TV


Watch our educational content, quiz creation guides, and fun videos on Sporcle TV.

Show Comments

Extras

Top Quizzes Today


Score Distribution

Your Account Isn't Verified!

In order to create a playlist on Sporcle, you need to verify the email address you used during registration. Go to your Sporcle Settings to finish the process.

Report this User

Report this user for behavior that violates our Community Guidelines.

Details: